000
00332 a2200157 4500
001
190752
020
_a
85-305-0037-7
040
_c
Magnum
100
_a
Flora, Anna
240
1
0
_a
Dono do seu nariz
_l
por
245
1
0
_a
Dono do seu nariz
300
_a
20
362
0
_a
1988
697
_a
LITERATURA INFANTO-JUVENIL
942
_c
BK
999
_c
190752
_d
190752